La cuestión de la Internacional : (Record no. 53393)

MARC details
000 -LEADER
campo de control de longitud fija 01265nam a22002895i 4500
001 - NÚMERO DE CONTROL
campo de control 53393
003 - IDENTIFICADOR DE NÚMERO DE CONTROL
campo de control ES-MaACL
005 - FECHA Y HORA DE LA ÚLTIMA TRANSACCIÓN
campo de control 20250727033919.0
007 - CAMPO FIJO DE DESCRIPCIÓN FÍSICA--INFORMACIÓN GENERAL
campo de control de longitud fija t|
008 - DATOS DE LONGITUD FIJA--INFORMACIÓN GENERAL
campo de control de longitud fija 950922e1872 sp ||||1| spa d
040 ## - FUENTE DE CATALOGACIÓN
Centro catalogador/agencia de origen CAM
Lengua de catalogación spa
Centro/agencia transcriptor CAM
080 ## - NÚMERO DE LA CLASIFICACIÓN DECIMAL UNIVERSAL
Número de la Clasificación Decimal Universal 327.323.3
080 ## - NÚMERO DE LA CLASIFICACIÓN DECIMAL UNIVERSAL
Número de la Clasificación Decimal Universal 329.15(100)
100 1# - ENTRADA PRINCIPAL--NOMBRE DE PERSONA
Nombre de persona Salmerón y Alonso, Nicolás,
Fechas asociadas al nombre 1838-1908
Término indicativo de función/relación Autor
9 (RLIN) 101996
245 13 - MENCIÓN DEL TÍTULO
Título La cuestión de la Internacional :
Resto del título discurso pronunciado en el Congreso de los Diputados /
Mención de responsabilidad, etc. por Nicolás Salmerón y Alonso...; tomado del "Diario de sesiones" de 26 y 27 de octubre y 3 de noviembre de 1871 y precedido de una carta de Fernando de Castro
260 ## - PUBLICACIÓN, DISTRIBUCIÓN, ETC.
Lugar de publicación, distribución, etc. Madrid :
Nombre del editor, distribuidor, etc. [s.n.],
Fecha de publicación, distribución, etc. 1872
Fabricante (Imp. de La Constitución)
300 ## - DESCRIPCIÓN FÍSICA
Extensión 116 páginas ;
Dimensiones 19 cm.
500 ## - NOTA GENERAL
Nota general En port.: Tirada privada de 100 ejemplares numerados; n. 93
610 24 - PUNTO DE ACCESO ADICIONAL DE MATERIA--NOMBRE DE ENTIDAD CORPORATIVA
9 (RLIN) 5260
Nombre de entidad corporativa o nombre de jurisdicción como elemento de entrada Internacional Comunista
650 #7 - PUNTO DE ACCESO ADICIONAL DE MATERIA--TÉRMINO DE MATERIA
Término de materia o nombre geográfico como elemento de entrada Comunismo
Fuente del encabezamiento o término embne
9 (RLIN) 11211
700 1# - ENTRADA AGREGADA--NOMBRE PERSONAL
Nombre de persona Castro, Fernando de,
Fechas asociadas al nombre 1814-1874
9 (RLIN) 150497
Término indicativo de función/relación Autor de introducción
710 1# - ENTRADA AGREGADA--NOMBRE DE ENTIDAD CORPORATIVA
Nombre de entidad corporativa o nombre de jurisdicción como elemento de entrada España.
Unidad subordinada Cortes Generales.
-- Congreso.
9 (RLIN) 3671
Término indicativo de función/relación entidad responsable
852 ## - LOCALIZACIÓN
Ubicación ES-MaACL
Anotaciones manuscritas Dedicatoria manuscrita del autor a Antonio Aura Boronat
Ubicación en estantería Sala Valle Inclán
Donativo/Legado Donativo de Antonio Aura Boronat
Número de control de estantería D-4707(4)
942 ## - ELEMENTOS DE ENTRADA SECUNDARIOS (KOHA)
Fuente del sistema de clasificación o colocación Clasificación decimal universal
Tipo de ítem Koha Libro impreso antiguo
Suprimir en OPAC No
Holdings
Estatus retirado Estado de pérdida Fuente del sistema de clasificación o colocación Estado de daño No para préstamo Colección Biblioteca de origen Biblioteca actual Ubicación en estantería Fecha de adquisición Fuente de adquisición Total de préstamos Signatura topográfica completa Código de barras Visto por última vez Tipo de ítem Koha
    Clasificación decimal universal     Libros del s. XIX Biblioteca del Ateneo de Madrid Biblioteca del Ateneo de Madrid Sala Valle Inclán 17/01/2008 Donación   D-4707(4) 901056103 23/02/2023 Libro impreso antiguo